000 00319nam a2200121Ia 4500
008 241015s9999 xx 000 0 und d
041 _aeng
082 _a332 WAL
100 _aDouglas Walsh
245 _aFinancial Economics And Econometrics
260 _bMurphy & Moore Publishing
_aUSA
_c2023
300 _a237;. P. 28 cm
999 _c41598
_d41598